América su paisaje y su historia : (Registro nro. 7228)
[ vista simple ]
| 000 -LEADER | |
|---|---|
| fixed length control field | 00613nam a2200205 a 4500 |
| 001 - CONTROL NUMBER | |
| control field | 000044322 |
| 003 - CONTROL NUMBER IDENTIFIER | |
| control field | DO-SdBNP |
| 005 - DATE AND TIME OF LATEST TRANSACTION | |
| control field | 20160920141618.0 |
| 007 - PHYSICAL DESCRIPTION FIXED FIELD--GENERAL INFORMATION | |
| fixed length control field | 000044322 |
| 008 - FIXED-LENGTH DATA ELEMENTS--GENERAL INFORMATION | |
| fixed length control field | 140613s199? dr ab 000 0 spa d |
| 040 ## - CATALOGING SOURCE | |
| Original cataloging agency | BPMET |
| Language of cataloging | spa |
| Transcribing agency | BPMET |
| 092 ## - LOCALLY ASSIGNED DEWEY CALL NUMBER (OCLC) | |
| Classification number | xxxxxx |
| Item number | xxxxxx |
| 100 1# - MAIN ENTRY--PERSONAL NAME | |
| Personal name | Ramírez Báez, Ramón O. |
| 245 10 - TITLE STATEMENT | |
| Title | América su paisaje y su historia : |
| Remainder of title | estudios sociales 5 / |
| Statement of responsibility, etc. | Ramón O. Ramírez Báez. |
| 260 ## - PUBLICATION, DISTRIBUTION, ETC. (IMPRINT) | |
| Place of publication, distribution, etc. | Santo Domingo : |
| Name of publisher, distributor, etc. | Susaeta, |
| Date of publication, distribution, etc. | 199? |
| 300 ## - PHYSICAL DESCRIPTION | |
| Extent | 168 p. : |
| Other physical details | il., map. ; |
| Dimensions | 25 cm. |
| 500 ## - GENERAL NOTE | |
| General note | Estudios sociales 5 |
| 942 ## - ADDED ENTRY ELEMENTS (KOHA) | |
| Source of classification or shelving scheme | Dewey Decimal Classification |
| Koha item type | Libros |
| 956 ## - LOCAL ELECTRONIC LOCATION AND ACCESS (OCLC) | |
| Host name | VMATEO |
| Access number | 10 |
| Compression information | 20150728 |
| Logon | BPMSU |
| Processor of request | 0069 |
| Withdrawn status | Lost status | Source of classification or shelving scheme | Damaged status | Not for loan | Collection code | Home library | Current library | Date acquired | Total Checkouts | Barcode | Date last seen | Copy number | Price effective from | Koha item type |
|---|---|---|---|---|---|---|---|---|---|---|---|---|---|---|
| Dewey Decimal Classification | Biblioteca Pública Metropolitana Salomé Ureña | Biblioteca Pública Metropolitana Salomé Ureña | 01/27/2015 | BPMET15040755 | 01/27/2015 | 1 ej. | 01/27/2015 | Libros |